000 00758nam a2200241 a 4500
001 7283
003 CO-ViMGA
008 141112s2004 ck r 000 u spa d
040 _aCO-ViMGA
_bspa
_cCO-ViMGA
082 0 4 _a659.2 B835
100 1 _aBuendía, Juan Manuel
_96471
245 1 0 _aOrganización de reuniones :
_bconvenciones, congresos, seminarios
260 _aMexico :
_bTrillas,
_c1996
300 _a238 p : il
490 _aTrillas - turismo
650 1 4 _aCONGRESOS - ORGANIZACION
_96472
650 1 4 _aCONVENCIONES - ORGANIZACION
_96473
650 1 4 _aEVENTOS - CLASES
_96474
650 1 4 _aEXPOSICIONES - ORGANIZACION
_96475
650 1 4 _aREUNIONES - CLASES - ORGANIZACION
_96476
650 1 4 _aSEMINARIOS - ORGANIZACION
_96477
942 _2ddc
_cBK
999 _c19242
_d19242